_Computer Applications for Journalism Singhai, Rahul (Record no. 8797)
[ view plain ]
| 000 -LEADER | |
|---|---|
| fixed length control field | 00428nam a2200145Ia 4500 |
| 008 - FIXED-LENGTH DATA ELEMENTS--GENERAL INFORMATION | |
| fixed length control field | 151021s9999 xx 000 0 und d |
| 020 ## - INTERNATIONAL STANDARD BOOK NUMBER | |
| International Standard Book Number | 8184050089 |
| 050 ## - LIBRARY OF CONGRESS CALL NUMBER | |
| Classification number | PN 4784 E5 S57 2006 |
| 245 ## - TITLE STATEMENT | |
| Title | _Computer Applications for Journalism Singhai, Rahul |
| 260 ## - PUBLICATION, DISTRIBUTION, ETC. (IMPRINT) | |
| Place of publication, distribution, etc. | New Delhi Reference Press 2006 |
| 300 ## - PHYSICAL DESCRIPTION | |
| Extent | v,226p,;ill |
| 500 ## - GENERAL NOTE | |
| General note | Includes index |
| 650 ## - SUBJECT ADDED ENTRY--TOPICAL TERM | |
| Topical term or geographic name as entry element | _Desktop Publishing |
| 980 ## - EQUIVALENCE OR CROSS-REFERENCE-SERIES STATEMENT--PERSONAL NAME/TITLE [LOCAL, CANADA] | |
| Personal name | ^d20120130 12:24:00^oanne |
No items available.